000 00476nam a2200181Ia 4500
005 20250326142802.0
008 250326s9999 xx 000 0 und d
037 _aTextbook
040 _aFMSL
_beng
_cFMSL
041 _aeng
_2eng
084 _qFMSL
100 _aHicks H G
_9736269
245 0 _aOrganizations: Theory and behavior
_cHicks H G; Gullett C R
260 _aMcGraw-Hill
_bMcGraw-Hill
_c1976
300 _a460p
942 _cTB
999 _c1296619
_d1296619